Statistics for T Vocabulary Words Quiz #1

Click here to take the quiz!

General Stats

  • This quiz has been taken 37,992 times
  • The average score is 15 of 22

Answer Stats

DefinitionWord% Correct
Formal garment of Ancient RomeToga
87%
The crime of betraying one's countryTreason
85%
The art of stuffing animalsTaxidermy
84%
Yelled as a tree is chopped downTimber
83%
Late for schoolTardy
81%
Musical range between bass and altoTenor
81%
Pitchfork carried by NeptuneTrident
80%
After primary and secondaryTertiary
79%
Large, lower leg boneTibia
78%
Male catTom
77%
1,000 gigabytesTerabyte
74%
Cross dresserTransvestite
72%
Somewhere between opaque and transparentTranslucent
71%
PoisonousToxic
69%
CoccyxTailbone
66%
Spanish appetizersTapas
66%
Patterned wool associated with Scottish clansTartan
61%
Disease also known as consumptionTuberculosis
53%
Movie with soundTalkie
48%
Rotating gun emplacement -
such as on a tank
Turret
46%
System of government where
religious authorities are in charge
Theocracy
44%
3-sided hat worn in the colonial U.S.Tricorn
37%

Score Distribution

Percentile by Number Answered

Percent of People with Each Score

Your Score History

You have not taken this quiz